Văn hóa người Mạ

Lịch sử tộc người Mạ. Văn hóa vật chất. Hoạt động kinh tế. Phong tục tập quán. Văn học dân gian. Âm nhạc dân gian, nghệ thật dân gian

Saved in:
Bibliographic Details
Main Author: Huỳnh Văn Tới
Other Authors: Lâm Nhân, Phan Đình Dũng
Format: Book
Language:Vietnamese
Published: H. Văn hóa thông tin 2013
Series:ĐTTS ghi: Hội Văn nghệ dân gian Việt Nam
Subjects:
Tags: Add Tag
No Tags, Be the first to tag this record!
Institutions: Mạng thư viện Đại học Đà Nẵng
LEADER 01690nam a2200397 4500
001 000019575
003 16010
005 20140722140726.0
008 140619s2013 viesd
041 0 |a vie 
082 1 4 |a 398.20899593  |b HU-T 
100 1 |a Huỳnh Văn Tới 
245 1 0 |a Văn hóa người Mạ  |c Huỳnh Văn Tới, Lâm Nhân, Phan Đình Dũng 
260 |a H.  |b Văn hóa thông tin  |c 2013 
300 |a 605 tr.  |b Ảnh mh.  |c 21 cm. 
490 |a ĐTTS ghi: Hội Văn nghệ dân gian Việt Nam 
500 |a Phụ lục tr. 263-594 
504 |a Thư mục: tr. 601-605 
520 3 |a Lịch sử tộc người Mạ. Văn hóa vật chất. Hoạt động kinh tế. Phong tục tập quán. Văn học dân gian. Âm nhạc dân gian, nghệ thật dân gian 
650 0 4 |a Văn hóa dân gian  |x Người Mạ  |x Nghiên cứu  |z Việt Nam 
653 |a Văn hóa dân gian 
653 |a Người Mạ 
700 1 |a Lâm Nhân 
700 1 |a Phan Đình Dũng 
OWN |a LSP 
AVA |a UDN50  |b LNN  |d 895.922 HU-T  |e available  |t Error 5001 Not defined in file expand_doc_bib_avail.  |f 1  |g 0  |h N  |i 0 
AVA |a UDN50  |b LSP  |d 398.20899593 HU-T  |e available  |t Error 5001 Not defined in file expand_doc_bib_avail.  |f 1  |g 0  |h N  |i 0  |k 1 
999 |a From the UDN01 
AVA |a UDN50  |b LNN  |d 895.922 HU-T  |e available  |t Error 5001 Not defined in file expand_doc_bib_avail.  |f 1  |g 0  |h N  |i 0 
AVA |a UDN50  |b LSP  |d 398.20899593 HU-T  |e available  |t Error 5001 Not defined in file expand_doc_bib_avail.  |f 1  |g 0  |h N  |i 0  |k 1 
TYP |a Monograph 
TYP |a Printed language 
980 |a Mạng thư viện Đại học Đà Nẵng